000 01806cam a22003618i 4500
001 21240629
003 NUST
005 20221006112401.0
008 191011s2020 flu b 001 0 eng
010 _a 2019046116
020 _a9781498774970
_q(hardback ;
_qacid-free paper)
020 _z9780429186745
_q(ebook)
040 _aDLC
_beng
_erda
_cDLC
042 _apcc
050 0 0 _aRC78.7.T6
_bS73 2020
082 0 0 _a616.0757, STO
_223
100 1 _aStock, Stuart R.,
_eauthor.
_999251
245 1 0 _aMicrocomputed tomography :
_bmethodology and applications /
_cby Stuart R. Stock.
250 _aSecond edition.
263 _a2012
264 1 _aBoca Raton, FL :
_bCRC Press/Taylor and Francis,
_c[2020]
300 _axxvi: 330:pages
336 _atext
_btxt
_2rdacontent
337 _aunmediated
_bn
_2rdamedia
338 _avolume
_bnc
_2rdacarrier
505 _aIntroduction (Page-1),Fundamentals (Page-13),Reconstruction from Projections (Page-25), Micro-CT Systems and Their Components (Page-45),Micro-CT in Practice (Page-93), Experiment Design, Data Analysis, Visualization (Page-125), “Simple” Metrology and Microstructure Quantification (Page-155),Cellular or Trabecular Solids (Page-185),Networks (Page-223),Microstructural Evolution (Page-247),Mechanically-Induced Damage, Deformation and Cracking (Page-287),Multimode Studies and Non-Absorption Modalities (Page-311).
650 0 _aTomography.
_999252
650 0 _aX-ray microscopy.
_999253
776 0 8 _iOnline version:
_aStock, Stuart R.,
_tMicrocomputed tomography
_bSecond edition.
_dBoca Raton, FL : CRC Press/Taylor and Francis, [2020]
_z9780429186745
_w(DLC) 2019046117
906 _a7
_bcbc
_corignew
_d1
_eecip
_f20
_gy-gencatlg
942 _2ddc
_cBK
999 _c591532
_d591532